The new political economy of development : globalization, imperialism, hegemony (Record no. 61033)

MARC details
000 -LEADER
fixed length control field 00852nam a2200253Ia 4500
008 - FIXED-LENGTH DATA ELEMENTS--GENERAL INFORMATION
fixed length control field 191130s2007##################000#0#eng##
020 ## - INTERNATIONAL STANDARD BOOK NUMBER
ISBN 9781403999962
082 ## - DEWEY DECIMAL CLASSIFICATION NUMBER
Classification number 338.9 KIE
100 ## - MAIN ENTRY--AUTHOR NAME
Personal name Kiely, Ray
245 ## - TITLE STATEMENT
Title The new political economy of development : globalization, imperialism, hegemony
Statement of responsibility, etc Ray Kiely
260 ## - PUBLICATION, DISTRIBUTION, ETC. (IMPRINT)
Place of publication Basingstoke, Hampshire
Name of publisher Palgrave Macmillan
Year of publication 2007
300 ## - PHYSICAL DESCRIPTION
Number of Pages viii, 333 p. ; 24 cm
500 ## - GENERAL NOTE
General note Includes bibliographical references (p. 290-324) and index
650 ## - SUBJECT ADDED ENTRY--TOPICAL TERM
Topical Term Anti-globalization movement
Topical Term Economic development - Sociological aspects
Topical Term Globalization - Economic aspects
Topical Term Imperialism - Economic aspects
Topical Term Neoliberalism
991 ## -
-- 201402
Holdings
Withdrawn status Lost status Damaged status Not for loan Home library Current library Shelving location Date acquired Full call number Accession Number Price effective from Koha item type
        Anna Centenary Library Anna Centenary Library 4TH FLOOR, A WING 09.10.2020 338.9 KIE 322336 09.10.2020 English Books

Find us on the map